000
00370nam a2200133Ia 4500
003
GCL
008
140319s9999 xx 000 0 ara d
040
_a
GCL /
_c
GCL
082
0
4
_a
ط
_b
813.081
_b
ع ى
100
1
_a
عبدالسلام العشرى
245
1
0
_a
يوم الملتان /
_c
عبدالسلام العشرى
300
_a
95 ص
490
_a
ايام العرب
_v
0
999
_c
49328
_d
49328